[Event "Chess.com RCC Wk15 Swiss"]
[Site "chess.com INT"]
[Date "2022.05.21"]
[Round "9"]
[White "Wagner, De"]
[Black "Yang, Kaiqi"]
[Result "1-0"]
[WhiteElo "2586"]
[BlackElo "2481"]
[PlyCount "85"]
[EventDate "2022.05.21"]
[EventType "swiss (rapid)"]
[EventRounds "9"]
[EventCountry "NET"]
[Source "Mark Crowther"]
[SourceDate "2022.05.23"]

1. d4 e6 2. Nf3 f5 3. g3 Nf6 4. Bg2 d5 5. O-O Bd6 6. c4 c6 7. Qc2 O-O 8. Nc3
Ne4 9. Rb1 Qe7 10. c5 Bc7 11. Bf4 Bxf4 12. gxf4 Nd7 13. b4 b6 14. e3 Ba6 15.
Rfc1 Bc4 16. Nd2 b5 17. Nxc4 bxc4 18. b5 cxb5 19. Rxb5 Rab8 20. Rcb1 Rxb5 21.
Rxb5 Rb8 22. Bxe4 fxe4 23. Rxb8+ Nxb8 24. Qb2 Nc6 25. Qb5 Qe8 26. f5 Kf7 27.
Qb7+ Kf6 28. fxe6 Qxe6 29. Kf1 h5 30. h4 Ne7 31. Ke1 g5 32. hxg5+ Kxg5 33. Qxa7
h4 34. Qc7 h3 35. a4 Kh5 36. Ne2 Ng6 37. a5 Qg4 38. Qg3 Nh4 39. Nf4+ Qxf4 40.
exf4 Nf3+ 41. Kd1 h2 42. Qh3+ Kg6 43. a6 1-0

[Event "Chess.com RCC Wk16 Swiss"]
[Site "chess.com INT"]
[Date "2022.05.28"]
[Round "1"]
[White "Yang, Kaiqi"]
[Black "Demchenko, A."]
[Result "0-1"]
[WhiteElo "2481"]
[BlackElo "2654"]
[PlyCount "102"]
[EventDate "2022.05.28"]
[EventType "swiss (rapid)"]
[EventRounds "9"]
[EventCountry "NET"]
[Source "Mark Crowther"]
[SourceDate "2022.05.30"]

1. d4 Nf6 2. c4 g6 3. h4 Bg7 4. Nc3 d6 5. e4 h5 6. Bg5 O-O 7. Qd2 a6 8. Rd1 Nc6
9. d5 Ne5 10. Nf3 Nfg4 11. Be2 c5 12. Nxe5 Nxe5 13. f3 b5 14. cxb5 axb5 15.
Bxb5 Ba6 16. a4 Bxb5 17. axb5 Qa5 18. O-O Nc4 19. Qe2 Nxb2 20. Qxb2 Bxc3 21.
Qe2 f6 22. Be3 Rfb8 23. Rb1 Qa2 24. Qd3 Ra3 25. e5 f5 26. Rf2 Bxe5 27. Rxa2
Rxd3 28. Bg5 Rb7 29. b6 c4 30. Kf1 Rb3 31. Rc1 R3xb6 32. Rxc4 Rb1+ 33. Kf2
R1b2+ 34. Rxb2 Rxb2+ 35. Kf1 Kf7 36. Rc7 Bf6 37. Bf4 Rb5 38. Bxd6 Rxd5 39. Bg3
Rd2 40. Bf2 Ra2 41. Rc6 Rb2 42. Rc4 Rb7 43. g4 hxg4 44. fxg4 e5 45. gxf5 gxf5
46. Rc6 f4 47. h5 e4 48. h6 e3 49. Be1 f3 50. h7 Bd4 51. h8=Q e2# 0-1

[Event "Chess.com RCC Wk16 Swiss"]
[Site "chess.com INT"]
[Date "2022.05.28"]
[Round "3"]
[White "Ponkratov, P."]
[Black "Yang, Kaiqi"]
[Result "1-0"]
[WhiteElo "2624"]
[BlackElo "2481"]
[PlyCount "111"]
[EventDate "2022.05.28"]
[EventType "swiss (rapid)"]
[EventRounds "9"]
[EventCountry "NET"]
[Source "Mark Crowther"]
[SourceDate "2022.05.30"]

1. d4 Nf6 2. c4 g6 3. Nc3 Bg7 4. e4 d6 5. f4 O-O 6. Nf3 Na6 7. Bd3 e5 8. fxe5
dxe5 9. d5 c6 10. Bg5 Qb6 11. Qd2 Nc5 12. O-O-O Ng4 13. Bc2 f6 14. h3 Nf2 15.
Be3 Nxh1 16. Rxh1 Qa5 17. dxc6 bxc6 18. Qd6 Na6 19. Qxc6 Rb8 20. Rd1 Nb4 21.
Qa4 Qc7 22. Qxa7 Rb7 23. Qc5 Nxc2 24. Kxc2 Be6 25. Qxc7 Rxc7 26. b3 Rb8 27. Rd6
Kf7 28. a4 Bf8 29. Rb6 Rxb6 30. Bxb6 Rc6 31. a5 Bb4 32. Na4 Bc8 33. Nb2 Bb7 34.
Nd3 Be7 35. Kc3 Rc8 36. Nd2 Ba6 37. b4 Ke6 38. Bc5 f5 39. Bxe7 Kxe7 40. exf5 e4
41. f6+ Kf7 42. Nc5 e3 43. Nde4 e2 44. Kd2 Rd8+ 45. Kxe2 Bxc4+ 46. Ke3 Bd5 47.
a6 Rb8 48. b5 Rb6 49. g4 h6 50. h4 g5 51. hxg5 hxg5 52. Kd4 Ba8 53. Nxg5+ Kxf6
54. Nd7+ Kxg5 55. Nxb6 Bf3 56. Nd5 1-0

[Event "Chess.com RCC Wk16 Swiss"]
[Site "chess.com INT"]
[Date "2022.05.28"]
[Round "4"]
[White "Yang, Kaiqi"]
[Black "Durarbayli, V."]
[Result "0-1"]
[WhiteElo "2481"]
[BlackElo "2638"]
[PlyCount "110"]
[EventDate "2022.05.28"]
[EventType "swiss (rapid)"]
[EventRounds "9"]
[EventCountry "NET"]
[Source "Mark Crowther"]
[SourceDate "2022.05.30"]

1. d4 Nf6 2. c4 e6 3. Bf4 d5 4. cxd5 Nxd5 5. Bg3 c5 6. e4 Nf6 7. Nd2 Nc6 8. e5
Nd5 9. Ngf3 cxd4 10. Rc1 Bd7 11. a3 Qa5 12. Bd3 Ne3 13. Qe2 Nf5 14. O-O Nxg3
15. hxg3 Be7 16. Nc4 Qd8 17. Rfd1 O-O 18. b4 Rc8 19. Qe4 g6 20. b5 Na5 21. Nd6
Rxc1 22. Rxc1 Nb3 23. Rc2 Qb6 24. Qxb7 Qxb7 25. Nxb7 Rc8 26. Nd6 Rc3 27. Ne1
Nc5 28. Rxc3 dxc3 29. a4 Nxa4 30. Kf1 Nc5 31. Ke2 Bxd6 32. exd6 Nb7 33. Nc2
Nxd6 34. Na3 Kf8 35. Kd1 Ke7 36. Kc2 Kd8 37. Kxc3 Kc7 38. f4 f6 39. Kd4 Kb6 40.
g4 Bxb5 41. Bb1 Bc6 42. g5 fxg5 43. Ke5 Kc5 44. fxg5 Bxg2 45. Kxe6 Be4 46. Ba2
a5 47. Kf6 Bd3 48. Kg7 Ne4 49. Kxh7 Nxg5+ 50. Kh6 Nf3 51. Nb1 Kb4 52. Bd5 Bxb1
53. Bxf3 a4 54. Bd5 a3 55. Kg5 Kc3 0-1

[Event "Chess.com RCC Wk16 Swiss"]
[Site "chess.com INT"]
[Date "2022.05.28"]
[Round "5"]
[White "Yang, Kaiqi"]
[Black "Harika, D."]
[Result "0-1"]
[WhiteElo "2481"]
[BlackElo "2517"]
[PlyCount "82"]
[EventDate "2022.05.28"]
[EventType "swiss (rapid)"]
[EventRounds "9"]
[EventCountry "NET"]
[Source "Mark Crowther"]
[SourceDate "2022.05.30"]

1. e4 c5 2. Nc3 e6 3. Nf3 Nc6 4. g3 d5 5. exd5 exd5 6. d4 cxd4 7. Ne2 Bb4+ 8.
Bd2 d3 9. cxd3 Nge7 10. Bg2 Bf5 11. O-O Bxd3 12. Bxb4 Nxb4 13. a3 Bxe2 14. Qxe2
Nbc6 15. Ng5 h6 16. Nh3 O-O 17. Nf4 a5 18. Rad1 d4 19. Nh5 Qd6 20. Rfe1 a4 21.
Be4 Ra5 22. h4 Re5 23. Qg4 g6 24. Bxc6 Nxc6 25. Nf4 Rfe8 26. Rxe5 Nxe5 27. Qe2
Qc6 28. Qf1 Nf3+ 29. Kh1 Nxh4+ 30. Kh2 Nf3+ 31. Kh3 Ng5+ 32. Kh2 Nf3+ 33. Kh3
g5 34. Nh5 f5 35. Rc1 g4+ 36. Kg2 Ne1+ 37. Kh2 Qxc1 38. Nf6+ Kf7 39. Nxe8 Nf3+
40. Kg2 Qxf1+ 41. Kxf1 Kxe8 0-1

[Event "Chess.com RCC Wk16 Swiss"]
[Site "chess.com INT"]
[Date "2022.05.28"]
[Round "6"]
[White "Predke, A."]
[Black "Yang, Kaiqi"]
[Result "1-0"]
[WhiteElo "2688"]
[BlackElo "2481"]
[PlyCount "90"]
[EventDate "2022.05.28"]
[EventType "swiss (rapid)"]
[EventRounds "9"]
[EventCountry "NET"]
[Source "Mark Crowther"]
[SourceDate "2022.05.30"]

1. Nf3 g6 2. g3 Bg7 3. Bg2 Nf6 4. O-O O-O 5. d3 d5 6. a4 Nc6 7. Nbd2 e5 8. e4
a5 9. c3 h6 10. Qc2 Be6 11. Re1 Re8 12. Rb1 Qd7 13. b4 axb4 14. cxb4 dxe4 15.
dxe4 Nd4 16. Nxd4 exd4 17. b5 d3 18. Qd1 Ng4 19. h3 Ne5 20. Kh2 g5 21. Bb2 Ng6
22. Bxg7 Kxg7 23. Rb4 Qd6 24. Qa1+ f6 25. Rd4 Qb6 26. Rxd3 Red8 27. Rxd8 Rxd8
28. Re2 Rd3 29. Qb1 Qd6 30. Qc2 h5 31. e5 Nxe5 32. Ne4 Qd4 33. Nc5 Bf5 34. Nxd3
Bxd3 35. Qxc7+ Kg6 36. Re3 h4 37. Qxb7 hxg3+ 38. Rxg3 Qxf2 39. Rxd3 Nxd3 40.
Qe4+ f5 41. Qxd3 Qf4+ 42. Qg3 Qxa4 43. b6 Qb4 44. b7 f4 45. Qd3+ Kh5 1-0

[Event "Chess.com RCC Wk16 Swiss"]
[Site "chess.com INT"]
[Date "2022.05.28"]
[Round "7"]
[White "Hess, Ro"]
[Black "Yang, Kaiqi"]
[Result "1-0"]
[WhiteElo "2591"]
[BlackElo "2481"]
[PlyCount "91"]
[EventDate "2022.05.28"]
[EventType "swiss (rapid)"]
[EventRounds "9"]
[EventCountry "NET"]
[Source "Mark Crowther"]
[SourceDate "2022.05.30"]

1. b3 e5 2. Bb2 Nc6 3. d3 d5 4. Nd2 Nf6 5. h3 a5 6. a3 Bd6 7. e3 O-O 8. g4 d4
9. e4 h6 10. Ngf3 Ne7 11. Nc4 Ng6 12. Rg1 b5 13. Nxd6 cxd6 14. g5 hxg5 15. Nxg5
Nh7 16. Bc1 Qc7 17. h4 Nxg5 18. Bxg5 f6 19. Bh6 gxh6 20. Rxg6+ Kf7 21. Rg3 Qc3+
22. Ke2 Be6 23. Kf3 Rg8 24. a4 h5 25. Kg2 Bg4 26. f3 Bd7 27. axb5 Rxg3+ 28.
Kxg3 Rg8+ 29. Kh2 Bxb5 30. Bh3 Ke7 31. Rc1 Bd7 32. Bxd7 Kxd7 33. Ra1 Kc6 34.
Ra4 Kb6 35. Rc4 Qb2 36. Qe1 Rg7 37. Kh3 Qa3 38. Ra4 Qxa4 39. bxa4 Rc7 40. Qb1+
Ka7 41. Qb5 Rxc2 42. Qxa5+ Kb7 43. Qb4+ Kc7 44. a5 Ra2 45. Qb6+ Kd7 46. a6 1-0

[Event "Chess.com RCC Wk16 Swiss"]
[Site "chess.com INT"]
[Date "2022.05.28"]
[Round "8"]
[White "Yang, Kaiqi"]
[Black "Matinian, N."]
[Result "1-0"]
[WhiteElo "2481"]
[BlackElo "2435"]
[PlyCount "141"]
[EventDate "2022.05.28"]
[EventType "swiss (rapid)"]
[EventRounds "9"]
[EventCountry "NET"]
[Source "Mark Crowther"]
[SourceDate "2022.05.30"]

1. d4 Nf6 2. c4 g6 3. Nc3 Bg7 4. e4 O-O 5. Be2 d6 6. Nf3 e5 7. dxe5 dxe5 8.
Qxd8 Rxd8 9. Bg5 Re8 10. Nd5 Nxd5 11. cxd5 c6 12. O-O cxd5 13. exd5 e4 14. Nd2
h6 15. Be3 Nd7 16. Rac1 Nf6 17. d6 Rd8 18. Nc4 Be6 19. Rfd1 Nd5 20. Bc5 b6 21.
Ba3 Rac8 22. Ne3 Rxc1 23. Rxc1 Nxe3 24. fxe3 Be5 25. Rd1 Bxa2 26. d7 Be6 27.
Bb5 Bf6 28. Bd6 a6 29. Bc6 Bxd7 30. Bc7 Bxc6 31. Bxd8 Bxb2 32. Bxb6 Bb5 33. Bd4
Bxd4 34. Rxd4 Bd3 35. h4 Kg7 36. Rd6 g5 37. hxg5 hxg5 38. Kf2 f5 39. g3 Kf7 40.
Ke1 Bc4 41. Kd2 a5 42. Rc6 Bb3 43. Rc5 Kg6 44. Rxa5 Bc4 45. Kc3 Be2 46. Kd4 Bg4
47. Ra8 Bh3 48. Rh8 Bg4 49. Ke5 Kg7 50. Rh2 Kg6 51. Rf2 Bf3 52. Rb2 Bg4 53.
Rb6+ Kg7 54. Rb7+ Kg6 55. Rb6+ Kg7 56. Rf6 Bf3 57. Rxf5 Kg6 58. Rf8 Bg2 59. Re8
Bf3 60. Re6+ Kh5 61. Kf6 Kg4 62. Re5 Kxg3 63. Kxg5 Bh1 64. Ra5 Kf3 65. Ra3 Bg2
66. Kf5 Bf1 67. Ke5 Bd3 68. Kd4 Bc2 69. Ra5 Bd3 70. Rf5+ Ke2 71. Rf4 1-0

[Event "Chess.com RCC Wk16 Swiss"]
[Site "chess.com INT"]
[Date "2022.05.28"]
[Round "9"]
[White "Tregubov, P."]
[Black "Yang, Kaiqi"]
[Result "1-0"]
[WhiteElo "2541"]
[BlackElo "2481"]
[PlyCount "69"]
[EventDate "2022.05.28"]
[EventType "swiss (rapid)"]
[EventRounds "9"]
[EventCountry "NET"]
[Source "Mark Crowther"]
[SourceDate "2022.05.30"]

1. e4 e6 2. d4 d5 3. exd5 exd5 4. Nf3 Nf6 5. Bd3 c5 6. O-O c4 7. Re1+ Be7 8.
Bf1 Nc6 9. b3 cxb3 10. axb3 O-O 11. c3 Bf5 12. Bg5 Re8 13. Nbd2 Ne4 14. Bxe7
Rxe7 15. Nxe4 Bxe4 16. Nd2 Bg6 17. Qf3 Rxe1 18. Rxe1 a5 19. g3 f6 20. Bg2 Bf7
21. Nf1 Qb6 22. Ne3 Qxb3 23. Nxd5 a4 24. Qf5 a3 25. Rb1 Qc4 26. Nb6 Qxc3 27.
Nxa8 Nxd4 28. Qd7 g5 29. Bd5 Bxd5 30. Qxd5+ Kg7 31. Rxb7+ Kg6 32. Qe4+ f5 33.
Qe8+ Kh6 34. Rb6+ Kg7 35. Qe7+ 1-0

[Event "Titled Tuesday 2022.05.31 Early"]
[Site "chess.com INT"]
[Date "2022.05.31"]
[Round "1"]
[White "Yang, Kaiqi"]
[Black "Legenia, Artem"]
[Result "1-0"]
[WhiteElo "2481"]
[BlackElo "2092"]
[PlyCount "65"]
[EventDate "2022.05.31"]
[EventType "swiss (blitz)"]
[EventRounds "11"]
[EventCountry "NET"]
[Source "Mark Crowther"]
[SourceDate "2022.06.06"]

1. d4 d5 2. c4 e6 3. Nc3 Nf6 4. cxd5 exd5 5. Bg5 Nbd7 6. e3 c6 7. Bd3 a6 8. Qc2
Bd6 9. Nge2 h6 10. Bh4 Qe7 11. O-O O-O 12. Rae1 Re8 13. Ng3 Bxg3 14. Bxg3 Ne4
15. Nxe4 dxe4 16. Bc4 Nb6 17. b3 Nxc4 18. bxc4 Rd8 19. c5 Be6 20. Rb1 Rd7 21.
Rb6 h5 22. h4 Bd5 23. Rfb1 Qe6 24. a3 g5 25. hxg5 Qg4 26. Bf4 h4 27. Qd1 Qf5
28. Qh5 Qg6 29. Qxh4 a5 30. Rxb7 Rxb7 31. Rxb7 a4 32. Be5 f6 33. Bxf6 1-0

[Event "Titled Tuesday 2022.05.31 Early"]
[Site "chess.com INT"]
[Date "2022.05.31"]
[Round "3"]
[White "Luo, Terry"]
[Black "Yang, Kaiqi"]
[Result "1-0"]
[WhiteElo "2168"]
[BlackElo "2481"]
[PlyCount "111"]
[EventDate "2022.05.31"]
[EventType "swiss (blitz)"]
[EventRounds "11"]
[EventCountry "NET"]
[Source "Mark Crowther"]
[SourceDate "2022.06.06"]

1. d4 e6 2. c4 f5 3. Nf3 Nf6 4. g3 d5 5. Bg2 c6 6. O-O Bd6 7. Bg5 h6 8. Bxf6
Qxf6 9. cxd5 exd5 10. Nc3 O-O 11. Rb1 a5 12. a3 Nd7 13. b4 axb4 14. axb4 b5 15.
e3 Nb6 16. Nd2 Bd7 17. Qb3 Kh8 18. Ra1 Qe7 19. Rxa8 Rxa8 20. Rb1 Qf8 21. Nf3
Nc4 22. h4 Ra3 23. Qc2 Bxb4 24. Ne2 Bd6 25. h5 Qf7 26. Nf4 Bxf4 27. exf4 Qxh5
28. Re1 Qf7 29. Ne5 Nxe5 30. Rxe5 Ra1+ 31. Kh2 Ra8 32. Bh3 Re8 33. Qc5 Kh7 34.
Qd6 Rxe5 35. fxe5 Qe6 36. Qf8 Qg6 37. Qe7 Be6 38. f4 Qf7 39. Qd6 Qd7 40. Qf8 g5
41. Bf1 Qf7 42. Qd6 gxf4 43. gxf4 b4 44. Qxb4 Qh5+ 45. Bh3 Qe2+ 46. Kg3 Qe3+
47. Kg2 Qe2+ 48. Kh1 Qf3+ 49. Kg1 Qg3+ 50. Bg2 Kg6 51. Qe7 Bf7 52. Qf6+ Kh5 53.
Qxf7+ Kg4 54. Qg6+ Kxf4 55. Qxg3+ Kxg3 56. e6 1-0

[Event "Titled Tuesday 2022.05.31 Early"]
[Site "chess.com INT"]
[Date "2022.05.31"]
[Round "4"]
[White "Yang, Kaiqi"]
[Black "Huber, Benedikt"]
[Result "1-0"]
[WhiteElo "2481"]
[BlackElo "2288"]
[PlyCount "57"]
[EventDate "2022.05.31"]
[EventType "swiss (blitz)"]
[EventRounds "11"]
[EventCountry "NET"]
[Source "Mark Crowther"]
[SourceDate "2022.06.06"]

1. d4 f5 2. Bg5 h6 3. Bh4 g5 4. e3 Nf6 5. Bg3 Bg7 6. h4 g4 7. Ne2 O-O 8. Nf4 d6
9. h5 Nc6 10. Bc4+ Kh7 11. Nc3 e5 12. dxe5 dxe5 13. Ng6 Qxd1+ 14. Rxd1 Re8 15.
Bf7 Rd8 16. Nb5 Rxd1+ 17. Kxd1 Nd8 18. Nxc7 Nxf7 19. Nxa8 Nxh5 20. Rxh5 Kxg6
21. Rh1 Bd7 22. Ke2 Bc6 23. f3 gxf3+ 24. gxf3 Ng5 25. Rg1 Nxf3 26. Rd1 h5 27.
Rd6+ Bf6 28. Rxc6 Ng1+ 29. Kf1 1-0

[Event "Titled Tuesday 2022.05.31 Early"]
[Site "chess.com INT"]
[Date "2022.05.31"]
[Round "6"]
[White "Yang, Kaiqi"]
[Black "Shuvalov, E."]
[Result "1-0"]
[WhiteElo "2481"]
[BlackElo "2182"]
[PlyCount "105"]
[EventDate "2022.05.31"]
[EventType "swiss (blitz)"]
[EventRounds "11"]
[EventCountry "NET"]
[Source "Mark Crowther"]
[SourceDate "2022.06.06"]

1. d4 Nf6 2. c4 c5 3. d5 b5 4. cxb5 a6 5. e3 Bb7 6. Nc3 Qa5 7. bxa6 Nxa6 8. Bd2
Qb6 9. e4 e6 10. Bc4 Nb4 11. Nf3 Nxe4 12. dxe6 fxe6 13. O-O Be7 14. Nxe4 Bxe4
15. Bc3 d5 16. Bb3 O-O 17. Ne5 Qc7 18. f3 Bf5 19. Re1 Bd6 20. Qe2 d4 21. Bxb4
cxb4 22. Rac1 Qa5 23. g4 Bxe5 24. Qxe5 d3 25. Qxa5 Rxa5 26. Rcd1 Bg6 27. Rxe6
Kh8 28. Re3 Rc5 29. Rd2 h6 30. Kf2 Rc1 31. h4 Rfc8 32. h5 Bh7 33. Kg3 Rg1+ 34.
Kf4 Rcc1 35. Re8+ Bg8 36. Bxg8 g5+ 37. Kf5 Kg7 38. Rxd3 Rc5+ 39. Rd5 Rgc1 40.
Be6 Rxd5+ 41. Bxd5 Rc5 42. Re7+ Kf8 43. Rd7 Ke8 44. Rd6 Ke7 45. Ke5 Ra5 46.
Re6+ Kd7 47. Rxh6 b3 48. Rh7+ Kd8 49. axb3 Rb5 50. h6 Ke8 51. Ra7 Kf8 52. h7
Rb8 53. h8=Q# 1-0

[Event "Titled Tuesday 2022.05.31 Early"]
[Site "chess.com INT"]
[Date "2022.05.31"]
[Round "9"]
[White "Jarocka, Liwia"]
[Black "Yang, Kaiqi"]
[Result "0-1"]
[WhiteElo "2006"]
[BlackElo "2481"]
[PlyCount "61"]
[EventDate "2022.05.31"]
[EventType "swiss (blitz)"]
[EventRounds "11"]
[EventCountry "NET"]
[Source "Mark Crowther"]
[SourceDate "2022.06.06"]

1. e4 e6 2. d4 d5 3. Bd3 dxe4 4. Bxe4 Nf6 5. Bf3 c5 6. Ne2 Nc6 7. Be3 Nd5 8.
Bxd5 Qxd5 9. O-O Nxd4 10. Nxd4 cxd4 11. Qxd4 Qxd4 12. Bxd4 f6 13. c4 e5 14. Be3
Be6 15. b3 a6 16. Nc3 O-O-O 17. Rfd1 Bb4 18. Nd5 Bxd5 19. cxd5 Kd7 20. f3 Rc8
21. a3 Bd6 22. b4 Rc3 23. Kf2 Rhc8 24. Rac1 Rxa3 25. Bc5 Ra2+ 26. Kg3 Rb2 27.
h4 h5 28. Kh3 g6 29. Rc3 b6 30. Rdc1 bxc5 31. bxc5 0-1

[Event "Titled Tuesday 2022.05.31 Early"]
[Site "chess.com INT"]
[Date "2022.05.31"]
[Round "10"]
[White "Yang, Kaiqi"]
[Black "Jegorovas, A."]
[Result "0-1"]
[WhiteElo "2481"]
[BlackElo "2270"]
[PlyCount "76"]
[EventDate "2022.05.31"]
[EventType "swiss (blitz)"]
[EventRounds "11"]
[EventCountry "NET"]
[Source "Mark Crowther"]
[SourceDate "2022.06.06"]

1. d4 d5 2. c4 e6 3. g3 Nf6 4. Bg2 dxc4 5. Nf3 Nc6 6. Qa4 Bb4+ 7. Bd2 Bd6 8.
Nc3 O-O 9. Rd1 e5 10. dxe5 Nxe5 11. Nxe5 Bxe5 12. Qxc4 c6 13. Qb3 Qe7 14. O-O
Be6 15. Qc2 Bc4 16. b3 Be6 17. Na4 Bd5 18. e4 Be6 19. Nc5 Bc8 20. h3 Nd7 21.
Be3 Re8 22. f4 Bc7 23. e5 Bb6 24. Rc1 f6 25. Be4 fxe5 26. Bxh7+ Kh8 27. Bg6 Rf8
28. f5 Nxc5 29. Bxc5 Qg5 30. Kg2 Bxc5 31. Qxc5 Bxf5 32. Bxf5 Rxf5 33. Rxf5 Qxf5
34. Rf1 Qe4+ 35. Kg1 Rd8 36. h4 Qd4+ 37. Qxd4 exd4 38. Rf8+ Rxf8 0-1

[Event "Titled Tuesday 2022.05.31 Late"]
[Site "chess.com INT"]
[Date "2022.05.31"]
[Round "1"]
[White "Wang, Michael"]
[Black "Yang, Kaiqi"]
[Result "0-1"]
[WhiteElo "1798"]
[BlackElo "2481"]
[PlyCount "45"]
[EventDate "2022.05.31"]
[EventType "swiss (blitz)"]
[EventRounds "11"]
[EventCountry "NET"]
[Source "Mark Crowther"]
[SourceDate "2022.06.06"]

1. d4 Nf6 2. c4 g6 3. Nf3 Bg7 4. g3 O-O 5. Bg2 d6 6. O-O c5 7. d5 e6 8. Nc3 Re8
9. e4 exd5 10. exd5 Bg4 11. h3 Bxf3 12. Qxf3 Nbd7 13. Bf4 Ne5 14. Bxe5 Rxe5 15.
Rae1 Qe7 16. Rxe5 Qxe5 17. Qd3 Re8 18. Rd1 h5 19. b3 h4 20. Rd2 hxg3 21. fxg3
Qg5 22. Kh2 Re3 23. Qf1 0-1

[Event "Titled Tuesday 2022.05.31 Late"]
[Site "chess.com INT"]
[Date "2022.05.31"]
[Round "3"]
[White "Quinonez Garcia, S."]
[Black "Yang, Kaiqi"]
[Result "0-1"]
[WhiteElo "2280"]
[BlackElo "2481"]
[PlyCount "72"]
[EventDate "2022.05.31"]
[EventType "swiss (blitz)"]
[EventRounds "11"]
[EventCountry "NET"]
[Source "Mark Crowther"]
[SourceDate "2022.06.06"]

1. e4 e6 2. d4 d5 3. e5 c5 4. c3 Nc6 5. Nf3 Bd7 6. a3 f6 7. b4 c4 8. Be2 Qc7 9.
Bf4 O-O-O 10. b5 Na5 11. a4 h6 12. O-O g5 13. Bg3 f5 14. h3 Ne7 15. Nbd2 Ng6
16. Ne1 Be7 17. Nc2 Rdg8 18. Bh5 Be8 19. Bxg6 Bxg6 20. f4 h5 21. fxg5 Bxg5 22.
Bf4 Qe7 23. Qe2 h4 24. Qe3 Bh5 25. Nf3 Bxf3 26. Rxf3 Rg7 27. Raf1 Rhg8 28. R1f2
Nb3 29. Bxg5 Rxg5 30. Ne1 Qa3 31. Rf4 Rg3 32. Nf3 Nc1 33. Rxh4 Nd3 34. Re2 Qa1+
35. Kh2 Qf1 36. Rd2 Rxg2+ 0-1

[Event "Titled Tuesday 2022.05.31 Late"]
[Site "chess.com INT"]
[Date "2022.05.31"]
[Round "5"]
[White "Yang, Kaiqi"]
[Black "Reprintsev, A."]
[Result "1-0"]
[WhiteElo "2481"]
[BlackElo "2353"]
[PlyCount "67"]
[EventDate "2022.05.31"]
[EventType "swiss (blitz)"]
[EventRounds "11"]
[EventCountry "NET"]
[Source "Mark Crowther"]
[SourceDate "2022.06.06"]

1. d4 d5 2. c4 e5 3. dxe5 d4 4. Nf3 Nc6 5. g3 Nge7 6. Bg2 Ng6 7. O-O Ngxe5 8.
Nxe5 Nxe5 9. b3 Be7 10. Bb2 c5 11. e3 Bg4 12. f3 Bf5 13. g4 Bxb1 14. Rxb1 Nc6
15. Qd3 dxe3 16. Qxe3 O-O 17. Rbd1 Nd4 18. f4 Qc7 19. Kh1 Rad8 20. Bd5 Bf6 21.
g5 Nf5 22. Qd3 Bxb2 23. Qxf5 g6 24. Qg4 Rde8 25. Rd3 Bd4 26. Rh3 Re3 27. f5
Rxh3 28. Qxh3 gxf5 29. Qxf5 Kg7 30. Be4 Rh8 31. h4 Qe7 32. h5 h6 33. g6 fxg6
34. Qxg6# 1-0

[Event "Chess.com RCC Wk17 Swiss"]
[Site "chess.com INT"]
[Date "2022.06.04"]
[Round "1"]
[White "Demchenko, A."]
[Black "Yang, Kaiqi"]
[Result "1-0"]
[WhiteElo "2654"]
[BlackElo "2481"]
[PlyCount "149"]
[EventDate "2022.06.04"]
[EventType "swiss (rapid)"]
[EventRounds "9"]
[EventCountry "NET"]
[Source "Mark Crowther"]
[SourceDate "2022.06.06"]

1. e4 e5 2. Nf3 Nc6 3. Bc4 Bc5 4. d3 Nf6 5. Bg5 h6 6. Bh4 Be7 7. Bg3 d6 8. a4
Be6 9. Bxe6 fxe6 10. c3 O-O 11. Nbd2 Nh5 12. O-O Nxg3 13. hxg3 Bf6 14. a5 a6
15. b4 Qe8 16. Qb3 g5 17. g4 Bg7 18. b5 Nd8 19. bxa6 Rxa6 20. Nc4 h5 21. Nh2
Rf4 22. f3 h4 23. Rfb1 Rf7 24. Nf1 Qc6 25. Kh2 Qc5 26. Qb5 Qxb5 27. Rxb5 Bf6
28. Rab1 Kf8 29. Kh3 Ke8 30. Nfe3 Kd7 31. Rd1 Kc8 32. d4 exd4 33. cxd4 Nc6 34.
d5 exd5 35. Rbxd5 Ne5 36. Nxe5 Bxe5 37. Nc4 Re7 38. Rb5 Rc6 39. Rb4 Rc5 40.
Rdb1 c6 41. Ra4 Bf4 42. Rab4 Be5 43. Rd1 Rd7 44. Nb6+ Kd8 45. Nxd7 Kxd7 46.
Rxb7+ Ke6 47. a6 Ra5 48. a7 Ra2 49. Rc1 c5 50. Rh7 Bf4 51. Rb1 c4 52. Rc7 d5
53. exd5+ Ke5 54. Re1+ Kxd5 55. Rd1+ Ke6 56. Rxc4 Rxa7 57. Rxf4 gxf4 58. Kxh4
Kf6 59. g5+ Kf5 60. Rd5+ Kg6 61. Kg4 Ra4 62. Rd6+ Kg7 63. Rf6 Ra2 64. Rf5 Rxg2+
65. Kxf4 Kg6 66. Rf6+ Kg7 67. Rc6 Rg1 68. Kf5 Rf1 69. f4 Rf2 70. Rc7+ Kg8 71.
Kg4 Rg2+ 72. Kh5 Rf2 73. Rc4 Kg7 74. Kg4 Rg2+ 75. Kf5 1-0

[Event "Chess.com RCC Wk17 Swiss"]
[Site "chess.com INT"]
[Date "2022.06.04"]
[Round "3"]
[White "Yang, Kaiqi"]
[Black "Sanal, V."]
[Result "0-1"]
[WhiteElo "2481"]
[BlackElo "2576"]
[PlyCount "82"]
[EventDate "2022.06.04"]
[EventType "swiss (rapid)"]
[EventRounds "9"]
[EventCountry "NET"]
[Source "Mark Crowther"]
[SourceDate "2022.06.06"]

1. d4 Nf6 2. c4 d6 3. Nc3 e5 4. Nf3 Nbd7 5. g3 g6 6. Bg2 Bg7 7. O-O O-O 8. e4
exd4 9. Nxd4 Re8 10. h3 Nc5 11. Re1 c6 12. Bf4 a5 13. Nb3 Nxb3 14. axb3 Re6 15.
c5 Ne8 16. Na4 g5 17. Be3 Rb8 18. Qd2 h6 19. Rad1 Qc7 20. Qc2 dxc5 21. Nxc5 Re7
22. Bd4 b6 23. Bxg7 Nxg7 24. Nd3 c5 25. e5 Ne6 26. Qe2 Bb7 27. Qh5 Bxg2 28.
Kxg2 Qc6+ 29. Kh2 Nd4 30. Re3 Nf5 31. Rf3 Ng7 32. Rf6 Qe4 33. Qxh6 Qe2 34. Qxg5
Qxd1 35. Nf4 Rbe8 36. Rh6 Rxe5 37. Qh4 f6 38. Qxf6 Qd2 39. Ng6 Qxh6 40. Ne7+
Kh7 41. Qxh6+ Kxh6 0-1

[Event "Chess.com RCC Wk17 Swiss"]
[Site "chess.com INT"]
[Date "2022.06.04"]
[Round "4"]
[White "Yang, Kaiqi"]
[Black "Tregubov, P."]
[Result "0-1"]
[WhiteElo "2481"]
[BlackElo "2543"]
[PlyCount "60"]
[EventDate "2022.06.04"]
[EventType "swiss (rapid)"]
[EventRounds "9"]
[EventCountry "NET"]
[Source "Mark Crowther"]
[SourceDate "2022.06.06"]

1. d4 Nf6 2. c4 e6 3. Nc3 Bb4 4. e3 O-O 5. Nf3 d5 6. Bd2 b6 7. cxd5 exd5 8. Rc1
Bb7 9. Bd3 a6 10. O-O Bd6 11. Ne5 c5 12. f4 Nc6 13. Ng4 Be7 14. Nxf6+ Bxf6 15.
dxc5 bxc5 16. Na4 c4 17. Bb1 Qe7 18. Rf3 g6 19. b3 Nb4 20. Rh3 Rac8 21. Bc3
cxb3 22. axb3 Rfd8 23. Bxf6 Qxf6 24. Qd2 Rxc1+ 25. Qxc1 d4 26. Nc5 Rc8 27. Qd2
Rxc5 28. Qxb4 Rc1+ 29. Kf2 Qc6 30. Kg3 Rxb1 0-1